Escudos de todos los Equipos Españoles - Estadísticas

Estadísticas generales
  • Esta prueba ha sido intentada 2.356 veces
    2.355 desde el último reinicio
  • La puntuación promedio es 33 de 42
Estadísticas de respuestas
Imagen Respuesta % Correcto
Barcelona
89%
Valencia
89%
Real Betis
88%
Real Madrid
88%
Real Sociedad
88%
Atlético de Madrid
87%
Celta de Vigo
87%
Rayo Vallecano
87%
Sevilla
87%
Osasuna
85%
Villarreal
85%
Girona
84%
Las Palmas
84%
Getafe
83%
Levante
83%
Mallorca
83%
Cádiz
82%
Deportivo Alavés
82%
Elche
82%
Espanyol
82%
Málaga
82%
Real Valladolid
82%
Granada
81%
Almería
80%
Real Oviedo
77%
Real Zaragoza
77%
Deportivo de La Coruña
76%
Leganés
76%
Eibar
75%
Sporting Gijón
74%
Athletic Club
73%
Racing Club Santander
73%
Huesca
71%
Tenerife
71%
Albacete
70%
Córdoba
66%
Mirandés
66%
Castellón
64%
Cartagena
63%
Burgos
60%
Eldense
58%
Racing de Ferrol
57%
No se encontraron pruebas coincidentes
Distribución de puntuación
Porcentaje de gente con cada puntuación
Porcentaje por número respondido
Historial de tus puntuaciones
No has intentado esta prueba desde el último reinicio